| 000 | 01254nam a2200385 a 4500 | ||
|---|---|---|---|
| 001 | 60000 | ||
| 003 | BD-RjUL | ||
| 005 | 20211209080808.0 | ||
| 008 | 161228s1993 ii a b 000 0 eng d | ||
| 020 | _a0195632362 | ||
| 035 | _a(BD-RjUL)60124 | ||
| 035 | _a(OCoLC)28745743 | ||
| 040 |
_aDJBF _cDJBF _dCoU-M _dUk _dBD-RjUL _beng |
||
| 041 | _aeng | ||
| 082 | 0 | 0 |
_a362.1 _223 _bREA 1993 |
| 245 | 0 | 0 |
_aReaching health for all / _cedited by Jon Rohde, Meera Chatterjee, David Morley ; illustrated by Stephen Marazzi. |
| 260 |
_aDelhi ; _aNew York : _bOxford University Press, _c1993. |
||
| 300 |
_axv, 524 p. ; _bill. ; _c22 cm. |
||
| 650 | 0 |
_aHealth planning. _9178492 |
|
| 650 | 0 |
_aMedical policy. _9178506 |
|
| 650 | 0 |
_aPublic health. _9171535 |
|
| 650 | 0 |
_aMedical care. _9178507 |
|
| 650 | 2 |
_aHealth Planning. _9178492 |
|
| 650 | 2 |
_aHealth Policy. _9178508 |
|
| 650 | 2 |
_aPublic Health. _9171535 |
|
| 650 | 2 |
_aWorld Health. _9171534 |
|
| 650 | 2 |
_aHealth Promotion. _9178509 |
|
| 650 | 2 |
_aDeveloping Countries. _9172297 |
|
| 653 | 0 |
_aDeveloping countries _aHealth |
|
| 700 | 1 |
_aRohde, Jon E. _9178510 |
|
| 700 | 1 |
_aChatterjee, Meera. _9178511 |
|
| 700 | 1 |
_aMorley, David, _d1923-2009. _9178512 |
|
| 942 |
_2ddc _cBK |
||
| 999 |
_c60000 _d60000 |
||